История зарубежной литературы XVII века (Запис № 364296)

МАРК-запис
000 -Лідер
fixed length control field 00700nam a22002297a 4500
001 - Контрольний номер
control field 78026
003 - Ідентифікатор контрольного номера
control field UA-OsUOA
005 - Дата та час останнього входження (трансакції)
control field 20220126114837.0
007 - Фіксоване поле фізичного опису
fixed length control field ta
008 - Елементи даних фіксованої довжини – загальна інформація
fixed length control field 20110928b un ||||| |||| 00| 0 ukr d
040 ## - Джерело каталогізації
Агенція оригінальної каталогізації UA-OsUOA
Мова каталогізації rus
Агенція, яка здійснювала перезапис UA-OsUOA
Агенція, яка здійснювала модифікацію UA-OsUOA
041 ## - Код мови
Код мови тексту/ звукової доріжки чи окремого заголовка (П) rus
080 ## - Індекс Універсальної десяткової класифікації
Індекс Універсальної десяткової класифікації (УДК) (НП) 82.09(100)(091)
090 ## - Локальний шифр розміщення
Класифікаційний індекс УДК 82.09(100)(091)
Авторський знак (НП) И90
245 ## - Відомості про назву
Назва (НП) История зарубежной литературы XVII века
260 ## - Публікація, розповсюдження і т.п. (Вихідні дані)
Місце публікації, розповсюдження і т.п. (П) М.
Ім’я/ наймення видавництва, розповсюджувача і т.п. (П) Высшая школа
Дата публікації, розповсюдження і т.п. (П) 1987
300 ## - Фізичний опис
Обсяг 248 с.
650 #7 - Додаткове предметне введення – тематичний термін
Тематичний термін чи географічна назва, як елемент введення (НП) 82 Література. Літературознавство
Джерело заголовка чи терміна UDC
942 ## - Додаткові елементи входу (Коха)
Тип елемента Koha Книги
Source of classification or shelving scheme Universal Decimal Classification
955 ## - Код типу видання за змістом
Код типу видання за змістом (НП) Навчальні видання
Фонди
Стан вилучень Стан втрат Джерело класифікації або схеми стелажів Стан уражень Не для кредиту Код колекції Постійне місце розташування Поточне розміщення Дата придбання Джерело придбання Вартість, звичайна ціна покупки Інвентарний номер Усього замовленно Штрих-код Дата останнього перегляду Ціна ефективна від Тип елемента Koha Повний номер виклику
    Universal Decimal Classification       АБ - Абонемент НБ АБ - Абонемент НБ 28/09/2011 118/2011 5.00 134258   134258 11/02/2022 28/09/2011 Книги 82.09(100)(091) И90
    Universal Decimal Classification     Колекція Крекотня В. І. ЧЗ - Читальна зала ЧЗ - Читальна зала 08/07/2005 104/2005 3.00 86729   86729 07/02/2022 08/07/2005 Книги